LDR 00841naa#a2200181#i#450# 001 EN\\bibl\114322 005 20260418081217.6 011 ## _a2782-4586 100 ## _a20260331b2026####ek#y0engy0150####ca 102 ## _aRU 200 1# _aThermoelectric generation as a possible way to increase the economic efficiency of aviation enterprises _eJournal article 210 1# _aMoscow _cITBO University _d2026 215 ## _a7 с. 608 ## _aJournal article _2local 675 ## _a<Математическое обеспечение (программирование). Программы ЦВМ>. Исключено E&C 18 [1996]. 681.3.06 _aБортовые системы и приборы наведения, управления и навигации. 629.7.05 _z 700 #1 _aNovak _gAleksandr Aleksandrovich 700 #1 _aSokolov _gOleg Arkad'evich 856 4# _ajomeam.ru _u